Non-stationary estimation of extreme design rainfall under changing climate considering both daily and sub-daily scales (Record no. 45663)

000 -LEADER
fixed length control field 00546nam a22001697a 4500
001 - CONTROL NUMBER
control field 45663
003 - CONTROL NUMBER IDENTIFIER
control field BD-DhUET
008 - FIXED-LENGTH DATA ELEMENTS--GENERAL INFORMATION
fixed length control field 260425b xxu||||| |||| 00| 0 eng d
040 ## - CATALOGING SOURCE
Transcribing agency 0
Modifying agency BD-DhUET
100 ## - MAIN ENTRY--PERSONAL NAME
Personal name Sania Binte Mahtab
245 ## - TITLE STATEMENT
Title Non-stationary estimation of extreme design rainfall under changing climate considering both daily and sub-daily scales
260 ## - PUBLICATION, DISTRIBUTION, ETC. (IMPRINT)
Place of publication, distribution, etc. Dhaka
Name of publisher, distributor, etc. Institute of Water and Flood Management, BUET
Date of publication, distribution, etc. 2025
300 ## - PHYSICAL DESCRIPTION
Extent xxv,450p.
501 ## - WITH NOTE
With note One CD-ROM
504 ## - BIBLIOGRAPHY, ETC. NOTE
Bibliography, etc Includes bibliographies
942 ## - ADDED ENTRY ELEMENTS (KOHA)
Koha item type Thesis
Holdings
Copy number Not for loan Withdrawn status Piece designation (barcode) Koha date last seen Price effective from Date acquired Lost status Sublocation or collection (holding branch) Location (home branch) Koha item type Source of classification or shelving scheme Shelving location Damaged status
1  1210312026-04-252026-04-252026-04-25 Central Library, BUETCentral Library, BUETThesis Acquisition section